Rare or threatened Australian plants /

Bibliographic Details
Main Author: Briggs, J. D. (John D.), 1954-
Other Authors: Leigh, J. H.
Format: Book
Language:English
Published: Collingwood, Vic., Australia : [Darwin, N.W.T.] : CSIRO, Australia ; Australian Nature Conservation Agency, [1996]
Edition:1995 rev. ed.
Subjects:

MARC

Tag First Indicator Second Indicator Subfields
LEADER 00000cam a2200000 a 4500
001 in00001410172
005 20151020060912.0
008 970324s1996 at ab b 001 0 eng
010 |a  97131407  
020 |a 0643057986 
035 |a (OCoLC)35989488 
035 |9 AHN8140AM 
040 |a DLC  |c DLC  |d CUY  |d AGL  |d TXA  |d UtOrBLW 
043 |a u-at--- 
049 |a TXAM 
050 0 0 |a QK86.A8  |b B75 1996 
070 0 |a QK86.A8B75  |b 1996 
072 0 |a P000 
082 0 0 |a 333.95/32/0994  |2 21 
100 1 |a Briggs, J. D.  |q (John D.),  |d 1954- 
245 1 0 |a Rare or threatened Australian plants /  |c J.D. Briggs and J.H. Leigh. 
250 |a 1995 rev. ed. 
264 1 |a Collingwood, Vic., Australia :  |b CSIRO, Australia ;  |a [Darwin, N.W.T.] :  |b Australian Nature Conservation Agency,  |c [1996] 
264 4 |c ©1996 
300 |a x, 466 pages :  |b illustrations (some color), maps (some color) ;  |c 27 cm. 
336 |a text  |b txt  |2 rdacontent 
337 |a unmediated  |b n  |2 rdamedia 
338 |a volume  |b nc  |2 rdacarrier 
504 |a Includes bibliographical references (page 443) and indexes. 
650 0 |a Rare plants  |z Australia. 
650 0 |a Endangered plants  |z Australia. 
700 1 |a Leigh, J. H. 
948 |a c:blr 
999 |a MARS 
999 f f |s 9936f430-a837-3f2a-b72b-a47140281680  |i 4d0c5058-9b1a-3519-816a-d9032b746d4b  |t 0 
952 f f |p ric  |a Texas A&M University  |b Rellis Campus  |c Joint Library Facility  |d Remote Storage  |t 0  |e QK86.A8 B75 1996  |h Library of Congress classification  |i unmediated -- volume  |m A14823365337 
998 f f |a QK86.A8 B75 1996  |t 0  |l Remote Storage